| 000 | 01009 a2200193 4500 | ||
|---|---|---|---|
| 003 | Nust | ||
| 005 | 20220719181842.0 | ||
| 010 | _a 86017033 | ||
| 020 | _a0134846680 : | ||
| 040 | _cNust | ||
| 082 | 0 | 0 | _a001.539,MAN |
| 100 | 0 |
_aMansuripur, Masud _993886 |
|
| 245 | 1 | 0 |
_aIntroduction to information theory / _cMasud Mansuripur. |
| 260 |
_aEnglewood Cliffs, N.J. : _bPrentice-Hall, _cc1987. |
||
| 300 |
_axxi, 149 p. : _bill. ; _c24 cm. |
||
| 505 | _aInformation theory and the Modern Scientific Outlook (Page-xv), Mathematical preliminaries (Page-1), Entropy, Discrete Memoryless Source, and Block Encoding (Page-11), Variable-Length Source Coding (Page-25), Universal Source Coding (Page-41), Mutual Information Discrete Memoryless Channel and Channel Capacity (Page-49), Channel Theorems (Page-63), Rate-Distortion theory (Page-83), Error-Correcting Codes for the Binary Symmetric Channel (Page-95), Advanced Topics (Page-125). | ||
| 650 | 0 |
_aInformation theory. _93107 |
|
| 942 |
_2ddc _cBK _k001.539,MAN |
||
| 999 |
_c189604 _d189604 |
||